000 00956nam a2200349 a 4500
003 AR-BaBNM
005 20251128203407.0
008 082120s2002 ||||||||||||||000 | spa||
040 _cAR-BaBNM
100 1 _aCasiello, Juan
245 0 0 _aDerecho constitucional argentino
260 _aBuenos Aires
_bPerrot
_c1954
300 _a619 p.
500 _aIndice p. 613-619
504 _aBibliografía p. 601-611
650 4 _aDERECHO CONSTITUCIONAL
650 4 _aPODERES DEL ESTADO
650 4 _aHISTORIA POLITICA ARGENTINA
650 4 _aHISTORIA CONSTITUCIONAL
650 4 _aIGLESIA
650 4 _aDERECHOS CIVILES Y POLITICOS
650 4 _aLEGISLACION
650 4 _aLIBERTAD
650 4 _aLEGISLACION ARGENTINA
650 4 _aDERECHO DE FAMILIA
650 4 _aDERECHO AL TRABAJO
650 4 _aDERECHO A LA EDUCACION
650 4 _aDERECHO DE PROPIEDAD
700 1 _aLegon, Faustino J.
_eprologuista
942 _cBK
998 _cAndrea
999 _c3180
_d3180